FOREST GENETICS & TREE BREEDING (Record no. 33693)

MARC details
000 -LEADER
fixed length control field 00375nam a22001457a 4500
003 - CONTROL NUMBER IDENTIFIER
control field OSt
005 - DATE AND TIME OF LATEST TRANSACTION
control field 20220328105448.0
008 - FIXED-LENGTH DATA ELEMENTS--GENERAL INFORMATION
fixed length control field 220328b |||||||| |||| 00| 0 eng d
040 ## - CATALOGING SOURCE
Transcribing agency HU
082 ## - DEWEY DECIMAL CLASSIFICATION NUMBER
Classification number 634.97
245 ## - TITLE STATEMENT
Title FOREST GENETICS & TREE BREEDING
260 ## - PUBLICATION, DISTRIBUTION, ETC.
Name of publisher, distributor, etc. NEW DELHI
Place of publication, distribution, etc. CBS PUBLISHERS & DISTRIBUTORS
Date of publication, distribution, etc. 1998
300 ## - PHYSICAL DESCRIPTION
Extent IX, 268p.
Other physical details ill
Dimensions 26cm.
942 ## - ADDED ENTRY ELEMENTS (KOHA)
Source of classification or shelving scheme Dewey Decimal Classification
Koha item type Books like text book referance book
Suppress in OPAC No
Holdings
Withdrawn status Lost status Source of classification or shelving scheme Damaged status Not for loan Collection code Home library Current library Shelving location Date acquired Total Checkouts Full call number Barcode Date last seen Copy number Price effective from Koha item type
    Dewey Decimal Classification     Reference Wondo Genet Library Wondo Genet Library Fiction 03/28/2022   634.97 FOR 1998 WGCFNRL00015138 03/28/2022 1 03/28/2022 Books like text book referance book